109 forgotten American heroes / (Record no. 5684)

MARC details
000 -LEADER
fixed length control field 01050nam a22002537a 4500
001 - CONTROL NUMBER
control field 5684
003 - CONTROL NUMBER IDENTIFIER
control field FISKH
005 - DATE AND TIME OF LATEST TRANSACTION
control field 20250113123931.0
008 - FIXED-LENGTH DATA ELEMENTS--GENERAL INFORMATION
fixed length control field 250113b cb ||||| |||| 00| 0 eng d
020 ## - INTERNATIONAL STANDARD BOOK NUMBER
International Standard Book Number 9780756663742
040 ## - CATALOGING SOURCE
Original cataloging agency FISKH
Language of cataloging eng
Transcribing agency FISKH
Modifying agency FISKH
050 ## - LIBRARY OF CONGRESS CALL NUMBER
Classification number E179.Y56
082 ## - DEWEY DECIMAL CLASSIFICATION NUMBER
Classification number 973.02
100 ## - MAIN ENTRY--PERSONAL NAME
Personal name Ying, Chris
245 ## - TITLE STATEMENT
Title 109 forgotten American heroes /
Statement of responsibility, etc. by Chris Ying and Brian McMullen
250 ## - EDITION STATEMENT
Edition statement First published in the United States in 2009
260 ## - PUBLICATION, DISTRIBUTION, ETC.
Place of publication, distribution, etc. New York :
Name of publisher, distributor, etc. DK Publishing ;
Date of publication, distribution, etc. 2009 .
300 ## - PHYSICAL DESCRIPTION
Extent 175 pages :
Other physical details color illustrations ;
Dimensions 28 cm .
520 ## - SUMMARY, ETC.
Summary, etc. Photographs, graphics, and text bring to life the contributions, inventions, wisdom, savvy, and courage of 109 American originals, including Frank Epperson, the inventor of the popsicle, cereal creator John Harvey Kellogg, and Shamu, the killer whale who began her stay at the San Diego Sea World in 1965.
650 ## - SUBJECT ADDED ENTRY--TOPICAL TERM
Topical term or geographic name entry element American history
Form subdivision non-fiction
700 ## - ADDED ENTRY--PERSONAL NAME
Personal name Roychoudhuri, Onnesha
Relator term Assistant edior
942 ## - ADDED ENTRY ELEMENTS (KOHA)
Source of classification or shelving scheme Dewey Decimal Classification
Koha item type Books
Suppress in OPAC No
Holdings
Withdrawn status Lost status Source of classification or shelving scheme Damaged status Not for loan Collection Home library Current library Shelving location Date acquired Total Checkouts Full call number Barcode Date last seen Price effective from Koha item type
    Dewey Decimal Classification     Non-Fiction Footprints International School Library Network Toul Kork Campus Footprints International School Library Network Toul Kork Campus TTP Secondary Non-Fiction Bookshelves 01/13/2025   YIN 973.02 E179.Y56 2025-0026 01/13/2025 01/13/2025 Books